Statistics for Team from best 5 league in Europe!

Click here to take the quiz!

General Stats

  • This quiz has been taken 23 times
  • The average score is 42 of 98

Answer Stats

La Liga% Correct
Arsenal
88%
Real Madrid
88%
Atletico Madrid
82%
FC Barcelona
82%
Manchester City
82%
Manchester United
82%
Bayer Leverkusen
76%
Chelsea
76%
Leicester City
76%
Olympique Lyonnais
76%
Paris Saint Germain
76%
Swansea City
76%
Everton
71%
Juventus Torino
71%
Liverpool
71%
Olympique Marseille
71%
Valencia CF
71%
AC Milan
65%
AS Roma
65%
Bayern Munich
65%
Borussia Dortmund
65%
Hamburger SV
65%
Internazionale Milano
65%
Athletic Bilbao
59%
Lazio Roma
59%
Middlesbrough
59%
Napoli
59%
Southampton
59%
Sunderland
59%
West Bromwich Albion
59%
Espanyol Barcelona
53%
FC Sevilla
53%
Genoa
53%
Hull City
53%
Lille
53%
Real Sociedad
53%
Schalke 04
53%
Stoke City
53%
Watford
53%
Werder Bremen
53%
West Ham United
53%
Burnley
47%
Fiorentina
47%
Malaga
47%
Nantes
47%
Tottenham Hotspurs
47%
Toulouse
47%
Villarreal CF
47%
1. FC Koln
41%
Borussia Monchengladbach
41%
Crystal Palace
41%
Eintracht Frankfurt
41%
Hertha BSC Berlin
41%
Monaco
41%
Nice
41%
Palermo
41%
Real Betis
41%
Udinese
41%
AC Torino
35%
Celta de Vigo
35%
Chievo Verona
35%
FC Augsburg
35%
Rennes
35%
Saint Etienne
35%
Samdoria Genoa
35%
Sporting Gijon
35%
VfL Wolfsburg
35%
AFC Bournemouth
29%
Bologna
29%
Deportivo la Coruna
29%
Girondons de Bordeaux
29%
Granada
29%
Angers
24%
Atalanta Bergamo
24%
Caen
24%
Cagliari
24%
Eibar
24%
RB Leipzig
24%
Deportivo Alaves
18%
Mainz 05
18%
Montpellier
18%
Sassuolo
18%
TSG Hoffenheim
18%
Bastia
12%
Darmstadt 98
12%
Las Palmas
12%
Osasuna Pamplona
12%
SC Freiburg
12%
Crotone
6%
Dijon
6%
Empoli
6%
FC Ingolstadt
6%
Guingamp
6%
Leganes
6%
Lorient
6%
Nancy
6%
Pescara
6%
Metz
0%

Score Distribution

Percentile by Number Answered

Percent of People with Each Score

Your Score History

You have not taken this quiz